000 01528nam a22003857a 4500
003 CHAP
005 20220329141102.0
008 971013s1995 r 00010 d
010 _a62369
011 _a63341
035 _a67517
040 _cCHAP
082 _a581.1
_bG8
100 0 0 _aGutiérrez Rodríguez, Mario.
_951822
245 _aMétodos avanzados en fisiología vegetal experimental
260 _aMontecillo, Méx. :
_bColegio de Postgraduados. Instituto de Recursos Naturales. Programa de Botánica,
_c(1995?)
300 _a119 p.
_b: ilus.
590 _aBATCH-UPD
_b10
_c20130110
_lUCH01
_h0724
590 _aBATCH-UPD
_b10
_c20130110
_lUCH01
_h2346
590 _aBATCH-UPD
_b10
_c20130410
_lUCH01
_h0408
590 _aBATCH-UPD
_b10
_c20130914
_lUCH01
_h0735
590 _aCONVERSION
_b10
_c20130109
_lUCH01
_h1333
650 1 4 _aBotánica
_xInvestigación.
_914562
650 1 4 _aBotánica
_xManuales de laboratorio.
_914584
650 1 4 _aFisiología vegetal.
_941136
700 0 _aLarqué Saavedra, Francisco Alfonso.
_964944
700 0 _aNava Sánchez, Tomás.
_980483
700 0 _aSan Miguel Chávez, Rubén.
_9101982
901 _aBK
942 _cLIBRO
949 _a581.1 G8
_bBC
_cLIBRO
_d33724000709812
_eLIBRO
_gI. c/e
_h92090
_i67517
_si
_t8.00
949 _a581.1 G8
_bBC
_cLIBRO
_d33724000709895
_eLIBRO
_fc.2
_gI. c/e
_h92091
_i67517
_si
_t8.00
949 _a581.1 G8
_bBC
_cLIBRO
_d33724000810545
_eLIBRO
_fc.4
_h99808
_i67517
_si
949 _a581.1 G8
_bBC
_cUACH
_d33724000643672
_eUACH
_fc.3
_gI. c/e
_h92092
_i67517
_si
_t8.00
999 _c62369
_d62369